000 01013cam a2200289 a 4500
001 11888453
003 OSt
005 20240530110903.0
008 000112s1999 nyua 001 0 eng
010 _a 00265064
020 _a0789446405
040 _aDLC
_cDLC
_dDLC
050 0 0 _aD422
_b.C53 1999
082 0 4 _220
_a031.02\
_bD T
245 0 0 _a20th century day by day /
_c[editor in chief, Clifton Daniel].
246 3 _aTwentieth century day by day
260 _aNew York, NY :
_bDK Pub.,
_cc1999.
300 _a1542 p. :
_bill. (some col.) ;
_c30 cm.
500 _aUpdated ed. of: Chronicle of the 20th century.
500 _aIncludes index.
650 0 _aHistory, Modern
_y20th century
_vChronology.
700 1 _aDaniel, Clifton,
_d1912-2000.
730 0 _aChronicle of the 20th century.
906 _a7
_bcbc
_corigcop
_d2
_encip
_f20
_gy-gencatlg
942 _2ddc
_cBK
999 _c66161
_d66161